000 01368cam a22003371i 4500
003 SA-RiAUC
005 20250217073731.0
008 250201s2004 su g b 00110 ara c
020 _a9960012530
040 _aSA-MaUQU
_bara
_cSA-RiAUC
_erda
082 0 4 _a235.1
090 _a235.1
_bس و د
100 1 _aسوداني، كريمة محمد
_eمؤلف.
245 1 0 _aمنهج الإمام البخاري في الرواية عن المبتدعة من خلال الجامع الصحيح /
_cكريمة سوداني.
250 _aالطبعة الأولى.
264 1 _aالرياض :
_bمكتبة الرشد،
_c2004
300 _a504 صفحة ؛
_c24 سم.
336 _aنص
_btxt
_2rdacontent
_3كتاب
337 _aبدون وسيط
_bn
_2rdamedia
338 _aمجلد
_bnc
_2rdacarrier
490 1 _aالرشد للرسائل الجامعية ؛
_v106
500 _aيشتمل على كشافات.
504 _aيشتمل على قائمة ببليوجرافية.
650 7 _aصحيح البخاري
_2aucsh
650 7 _aالحديث
_xرواية
_2aucsh
700 1 2 _aالبخاري، محمد بن إسماعيل بن إبراهيم،
_d194-256 هجري
740 2 2 _aالجامع الصحيح.
830 2 _aسلسلة الرشد للرسائل الجامعية
_v106
942 _2ddc
_cBOOK
_n0
949 _aSA-JeALM
_d250201
_uosman123
_n1
999 _c6016
_d6016